[Event "Ceske Budejovice op-A"]
[Site "Ceske Budejovice"]
[Date "2023.07.05"]
[Round "5"]
[White "Harshit, Amarnani"]
[Black "Steiner, Bruno"]
[Result "1/2-1/2"]
[WhiteElo "1791"]
[BlackElo "2041"]
[PlyCount "44"]
[EventDate "2023.07.01"]
[EventType "swiss"]
[EventRounds "9"]
[EventCountry "CZE"]
[SourceTitle "CBM 215 Extra"]
[Source "ChessBase"]
[SourceDate "2023.09.30"]
[SourceVersion "1"]
[SourceVersionDate "2023.09.30"]
[SourceQuality "1"]

1. c4 e6 2. e4 d5 3. exd5 exd5 4. cxd5 Nf6 5. Bb5+ Bd7 6. Bc4 b5 7. Bb3 a5 8. a4 bxa4 9. Bc4 Qe7+ 10. Qe2 Na6 11. Nc3 Nb4 12. Kf1 Kd8 13. d4 Bg4 14. f3 Bf5 15. Bg5 h6 16. Bf4 Qxe2+ 17. Kxe2 Bd6 18. Bg3 Nc2 19. Rxa4 Nxd4+ 20. Kd2 Nd7 21. Bxd6 cxd6 22. Ba2 Rb8 1/2-1/2

[Event "Tatry op"]
[Site "Tatranske Matliare"]
[Date "2023.05.22"]
[Round "4"]
[White "Steiner, Bruno"]
[Black "Skreno, Vladimir"]
[Result "1-0"]
[WhiteElo "2042"]
[BlackElo "2097"]
[PlyCount "67"]
[EventDate "2023.05.20"]
[EventType "swiss"]
[EventRounds "9"]
[EventCountry "SVK"]
[SourceTitle "CBM 214 Extra"]
[Source "ChessBase"]
[SourceDate "2023.07.31"]
[SourceVersion "1"]
[SourceVersionDate "2023.07.31"]
[SourceQuality "1"]

1. d4 d5 2. Nf3 Nf6 3. e3 Bg4 4. c4 c6 5. Nc3 e6 6. h3 Bh5 7. g4 Bg6 8. Ne5 Nfd7 9. Nxg6 hxg6 10. Bg2 dxc4 11. 0-0 Nb6 12. e4 Bd6 13. Qe2 e5 14. dxe5 Bxe5 15. Be3 Qd3 16. Qf3 Qc2 17. Rab1 Bxc3 18. Rfc1 Qa4 19. bxc3 N8d7 20. e5 0-0 21. e6 fxe6 22. Qe4 Rae8 23. Qxg6 Ne5 24. Qh5 Ned7 25. g5 Rf7 26. g6 Rf5 27. Qh7+ Kf8 28. Qh8+ Ke7 29. Qxg7+ Kd8 30. Bxb6+ Nxb6 31. Qxb7 Rg5 32. Rd1+ Nd5 33. Qf7 Re7 34. Qf8+ 1-0

[Event "Tatranska Lomnica Tatry op"]
[Site "Tatranska Lomnica"]
[Date "2021.10.03"]
[Round "2"]
[White "Steiner, Bruno"]
[Black "Pribyl, Josef"]
[Result "1/2-1/2"]
[WhiteElo "2075"]
[BlackElo "2235"]
[PlyCount "91"]
[EventDate "2021.10.02"]
[EventType "swiss"]
[EventRounds "9"]
[EventCountry "SVK"]
[SourceTitle "EXT 2023"]
[Source "ChessBase"]
[SourceDate "2022.10.05"]
[SourceVersion "1"]
[SourceVersionDate "2022.10.05"]
[SourceQuality "1"]

1. e4 Nf6 2. e5 Nd5 3. d4 d6 4. g3 Nb6 5. exd6 cxd6 6. Bg2 g6 7. Ne2 Bg7 8. 0-0 0-0 9. c3 Nc6 10. a4 a5 11. b3 Bf5 12. h3 e5 13. Be3 Nc8 14. Na3 h5 15. Nb5 Re8 16. Rc1 Qd7 17. dxe5 Nxe5 18. Nf4 Ra6 19. Nd4 Ne7 20. Qd2 N5c6 21. Rfd1 Be5 22. Bf1 Raa8 23. c4 Be4 24. Nb5 Nf5 25. c5 d5 26. Nxd5 Qxd5 27. Qxd5 Bxd5 28. Rxd5 Nxe3 29. fxe3 Bxg3 30. Rc3 Rad8 31. Rxd8 Rxd8 32. Rd3 Kf8 33. Nd4 Ke7 34. Nxc6+ bxc6 35. Rxd8 Kxd8 36. Kg2 Be1 37. Kf3 Bb4 38. Bc4 Ke7 39. Bd3 Bxc5 40. Bc4 Bd6 41. Bd3 Be5 42. e4 g5 43. Ba6 Kf6 44. Bb7 c5 45. Bd5 Kg6 46. Bc4 1/2-1/2

[Event "Tatry op"]
[Site "Tatranske Zruby"]
[Date "2020.09.29"]
[Round "5"]
[White "Jablonicky, Martin"]
[Black "Steiner, Bruno"]
[Result "1-0"]
[WhiteElo "2318"]
[BlackElo "2094"]
[PlyCount "43"]
[EventDate "2020.09.26"]
[EventType "swiss"]
[EventRounds "9"]
[EventCountry "SVK"]
[SourceTitle "CBM 198 Extra"]
[Source "ChessBase"]
[SourceDate "2020.11.30"]
[SourceVersion "1"]
[SourceVersionDate "2020.11.30"]
[SourceQuality "1"]

1. e4 c5 2. Nf3 e6 3. d4 cxd4 4. Nxd4 Nf6 5. Nc3 d6 6. Bc4 Nc6 7. Be3 Bd7 8. Bb3 Be7 9. f4 Nxd4 10. Bxd4 Bc6 11. Qe2 b5 12. 0-0-0 b4 13. Bxf6 Bxf6 14. Nb5 Be7 15. Nxd6+ Bxd6 16. e5 Qh4 17. Rxd6 Qxf4+ 18. Kb1 Qe4 19. Qa6 Bb7 20. Rxe6+ Kf8 21. Qd6+ Kg8 22. Re7 1-0

[Event "Ceske Budejovice op-A"]
[Site "Ceske Budejovice"]
[Date "2020.07.04"]
[Round "4"]
[White "Horak, Jan"]
[Black "Steiner, Bruno"]
[Result "1-0"]
[WhiteElo "1992"]
[BlackElo "2152"]
[PlyCount "65"]
[EventDate "2020.07.01"]
[EventType "swiss"]
[EventRounds "9"]
[EventCountry "CZE"]
[SourceTitle "CBM 197 Extra"]
[Source "ChessBase"]
[SourceDate "2020.09.30"]
[SourceVersion "1"]
[SourceVersionDate "2020.09.30"]
[SourceQuality "1"]

1. e4 c5 2. Nf3 e6 3. d4 cxd4 4. Nxd4 Nf6 5. Nc3 d6 6. Be2 Nc6 7. Be3 Be7 8. 0-0 0-0 9. f4 a6 10. Kh1 Qc7 11. Qe1 Bd7 12. Rd1 Nxd4 13. Bxd4 Bc6 14. Qg3 g6 15. e5 Nd7 16. exd6 Bxd6 17. Qh4 Bc5 18. Rd3 Bxd4 19. Rxd4 Kg7 20. Rd3 Nf6 21. f5 exf5 22. Rxf5 Qe7 23. Rf1 Rad8 24. Rh3 h5 25. Bxh5 Qe5 26. Bf3 Rh8 27. Qg3 Qf5 28. Rxh8 Rxh8 29. Be2 Qe6 30. Qf4 Nh5 31. Qd4+ f6 32. Bg4 Qe7 33. Rd1 1-0

[Event "Marianske Lazne IM-B1 19th"]
[Site "Marianske Lazne"]
[Date "2020.01.23"]
[Round "7"]
[White "Grabarczyk, Miroslaw"]
[Black "Steiner, Bruno"]
[Result "1-0"]
[WhiteElo "2366"]
[BlackElo "2117"]
[PlyCount "75"]
[EventDate "2020.01.18"]
[EventType "tourn"]
[EventRounds "9"]
[EventCountry "CZE"]
[SourceTitle "CBM 194 Extra"]
[Source "ChessBase"]
[SourceDate "2020.03.31"]
[SourceVersion "1"]
[SourceVersionDate "2020.03.31"]
[SourceQuality "1"]

1. d4 Nf6 2. Nf3 d5 3. g3 Bf5 4. Bg2 c6 5. 0-0 h6 6. c4 e6 7. Nc3 Nbd7 8. Nd2 Be7 9. e4 dxe4 10. Ndxe4 0-0 11. Be3 Nxe4 12. Nxe4 Nf6 13. Nc3 Qc7 14. h3 Rfd8 15. Qb3 Rd7 16. Rac1 Qa5 17. Rfd1 Rad8 18. Kh2 Bg6 19. Rd2 Kf8 20. a3 Bd6 21. Kg1 Qh5 22. d5 exd5 23. cxd5 cxd5 24. Bxa7 Bf5 25. Qd1 Qg6 26. Nb5 Be5 27. Bd4 Bxd4 28. Rxd4 Be4 29. Nc3 Bxg2 30. Kxg2 Kg8 31. Qf3 Rd6 32. Rcd1 Qg5 33. Re1 R6d7 34. h4 Qg6 35. Red1 Qc2 36. R1d2 Qb3 37. Rb4 Ne4 38. Re2 1-0

[Event "Marianske Lazne IM-B1 19th"]
[Site "Marianske Lazne"]
[Date "2020.01.21"]
[Round "4"]
[White "Sernecki, Franciszek"]
[Black "Steiner, Bruno"]
[Result "1-0"]
[WhiteElo "2204"]
[BlackElo "2117"]
[PlyCount "105"]
[EventDate "2020.01.18"]
[EventType "tourn"]
[EventRounds "9"]
[EventCountry "CZE"]
[SourceTitle "CBM 194 Extra"]
[Source "ChessBase"]
[SourceDate "2020.03.31"]
[SourceVersion "1"]
[SourceVersionDate "2020.03.31"]
[SourceQuality "1"]

1. e4 c5 2. Nf3 e6 3. Nc3 d6 4. d4 cxd4 5. Nxd4 Nf6 6. g3 Be7 7. Bg2 0-0 8. 0-0 Nc6 9. Nb3 Rb8 10. a4 b6 11. f4 Na5 12. Nxa5 bxa5 13. b3 Rb4 14. Kh1 Bb7 15. Qe2 Qa8 16. Ba3 Rc8 17. Bxb4 axb4 18. e5 dxe5 19. fxe5 Bxg2+ 20. Qxg2 Qxg2+ 21. Kxg2 Ng4 22. Ne4 Ne3+ 23. Kf3 Nxf1 24. Rxf1 f5 25. exf6 gxf6 26. Rc1 f5 27. Nf2 Kf7 28. Nd3 Rc3 29. g4 a5 30. Kf4 Bd6+ 31. Kg5 h6+ 32. Kh5 Bxh2 33. gxf5 exf5 34. Rf1 Kf6 35. Rf2 Bc7 36. Kxh6 Bg3 37. Re2 Rc8 38. Kh7 f4 39. Re4 Rc7+ 40. Kg8 Rg7+ 41. Kf8 f3 42. Re3 Bd6+ 43. Ke8 Rg3 44. Kd7 f2 45. Nxf2 Rxe3 46. Ng4+ Kf5 47. Nxe3+ Ke4 48. Nc4 Bg3 49. Kc6 Kd4 50. Nxa5 Kc3 51. Kb5 Be1 52. Nc6 Kxc2 53. Kc4 1-0

[Event "Olomouc IM1 22nd"]
[Site "Olomouc"]
[Date "2019.08.11"]
[Round "3"]
[White "Steiner, Bruno"]
[Black "Kaganskiy, Gleb"]
[Result "1/2-1/2"]
[WhiteElo "2169"]
[BlackElo "2289"]
[PlyCount "80"]
[EventDate "2019.08.10"]
[EventType "tourn"]
[EventRounds "9"]
[EventCountry "CZE"]
[SourceTitle "CBM 191 Extra"]
[Source "ChessBase"]
[SourceDate "2019.09.30"]
[SourceVersion "1"]
[SourceVersionDate "2019.09.30"]
[SourceQuality "1"]

1. d4 d5 2. Bf4 c5 3. e3 Nc6 4. c3 Nf6 5. Nd2 cxd4 6. exd4 Bg4 7. Be2 Bxe2 8. Qxe2 e6 9. Ngf3 Bd6 10. Bg3 0-0 11. 0-0-0 Rb8 12. Kb1 b5 13. Ne5 Bxe5 14. Bxe5 Nxe5 15. dxe5 Nd7 16. f4 Qc7 17. Rc1 Nb6 18. h4 Nc4 19. h5 h6 20. b3 Nxd2+ 21. Qxd2 a5 22. g4 a4 23. b4 Qc4 24. g5 Qe4+ 25. Ka1 Kh7 26. Rce1 Qf5 27. Reg1 Rbc8 28. Rh4 a3 29. Rhg4 Kh8 30. R4g3 d4 31. gxh6 gxh6 32. cxd4 Rc2 33. Qd3 Qxd3 34. Rxd3 Ra8 35. Rb1 Rf2 36. d5 exd5 37. Rxd5 Rg8 38. Rd3 Ra8 39. Rd5 Rg8 40. Rd3 Ra8 1/2-1/2

[Event "Ceske Budejovice op"]
[Site "Ceske Budejovice"]
[Date "2019.07.01"]
[Round "3"]
[White "Steiner, Bruno"]
[Black "Steiner, Juraj"]
[Result "1-0"]
[WhiteElo "2179"]
[BlackElo "1896"]
[PlyCount "99"]
[EventDate "2019.06.29"]
[EventType "swiss"]
[EventRounds "9"]
[EventCountry "CZE"]
[SourceTitle "CBM 191 Extra"]
[Source "ChessBase"]
[SourceDate "2019.09.30"]
[SourceVersion "1"]
[SourceVersionDate "2019.09.30"]
[SourceQuality "1"]

1. Nf3 c5 2. c4 Nf6 3. b3 b6 4. g3 Bb7 5. Bg2 e6 6. Bb2 Be7 7. 0-0 0-0 8. e3 d6 9. Qe2 Re8 10. Rd1 Qc7 11. Nc3 Nbd7 12. Rac1 Rac8 13. d3 Qb8 14. Ne1 Bxg2 15. Nxg2 Qb7 16. f4 a6 17. g4 g6 18. Rf1 b5 19. f5 exf5 20. gxf5 g5 21. e4 Rb8 22. Rc2 Ne5 23. Ne3 g4 24. Kh1 h5 25. Ncd5 Nxd5 26. Nxd5 f6 27. Bxe5 dxe5 28. h3 Kf7 29. Qe3 Rh8 30. cxb5 Bd6 31. b6 Rbg8 32. h4 Rc8 33. Kg2 Qd7 34. Kg3 Bf8 35. a4 Bh6 36. Qf2 Qd6 37. a5 Rhd8 38. Rc4 Qc6 39. Qe2 Qb5 40. b4 cxb4 41. Rc7+ Kf8 42. Qc2 Bf4+ 43. Kg2 b3 44. Qc3 Rb8 45. Rb1 Rxd5 46. Rxb3 Qxa5 47. Qxa5 Rxa5 48. Rb2 Rxb6 49. Rxb6 Ra1 50. Rb8# 1-0